The Black and Green atlantic : (Record no. 70810)

000 -LEADER
fixed length control field 00634nam a22001937a 4500
020 ## - INTERNATIONAL STANDARD BOOK NUMBER
International Standard Book Number 9780230228184
082 ## - DEWEY DECIMAL CLASSIFICATION NUMBER
Classification number 305.800 973
Item number PET/B
245 ## - TITLE STATEMENT
Title The Black and Green atlantic :
Remainder of title Cross-currents of the African and Irish Diasporas/
Statement of responsibility, etc. by Peter D O'Neill (ed.) and David Lloyd (ed.)
260 ## - PUBLICATION, DISTRIBUTION, ETC.
Place of publication, distribution, etc. Newyork:
Name of publisher, distributor, etc. Palgrave,
Date of publication, distribution, etc. 2009.
300 ## - PHYSICAL DESCRIPTION
Extent 283p.
650 ## - SUBJECT ADDED ENTRY--TOPICAL TERM
Topical term or geographic name entry element Ethnography
9 (RLIN) 38675
650 ## - SUBJECT ADDED ENTRY--TOPICAL TERM
Topical term or geographic name entry element Social group
9 (RLIN) 38676
650 ## - SUBJECT ADDED ENTRY--TOPICAL TERM
Topical term or geographic name entry element African Social Group
9 (RLIN) 38677
650 ## - SUBJECT ADDED ENTRY--TOPICAL TERM
Topical term or geographic name entry element Irish Social Group
9 (RLIN) 38678
650 ## - SUBJECT ADDED ENTRY--TOPICAL TERM
Topical term or geographic name entry element Social Sciences
9 (RLIN) 38679
700 ## - ADDED ENTRY--PERSONAL NAME
Personal name Peter D O'Neill (ed.)
9 (RLIN) 38680
700 ## - ADDED ENTRY--PERSONAL NAME
Personal name David Lloyd (ed.)
9 (RLIN) 38681
942 ## - ADDED ENTRY ELEMENTS (KOHA)
Koha item type Book
Holdings
Withdrawn status Lost status Damaged status Not for loan Permanent Location Current Location Shelving location Date acquired Cost, normal purchase price Total Checkouts Full call number Barcode Date last seen Price effective from Koha item type
        Sree Sankaracharya University of Sanskrit Sree Sankaracharya University of Sanskrit Reference 31.03.2018 7118.21   305.800 973 PET/B 088423 31.03.2018 31.03.2018 Reference